| 000 | 01043nam a22002170a 4500 | ||
|---|---|---|---|
| 001 | PT36169 | ||
| 003 | AR-LpoUNG | ||
| 005 | 20230307152413.0 | ||
| 007 | kk ||| | ||
| 040 |
_aAR-LpoUNG _bspa _cAR-LpoUNG _eaacr |
||
| 082 | 0 | _a982.065 687des | |
| 245 | 0 | 0 | _a[Orlando Letelier] [afiche] |
| 300 | _a1 lám. : byn : 45 x 58 cm. | ||
| 500 | _aEl afiche pertenece a la colección de Derechos Humanos del Sr. Carlos Martinez Vidal. El item se encuentra enmarcado y en el mismo se puede leer: "I was born a Chilean/I am a Chilean/I will die a Chilean./They, the Fascists,/ were born traitors,/ live as traitors/and will be/remembered forever/ as Fascist traitors. - Orlando Letelier, 10 september 1976". - "Nací chileno / Soy chileno / Y moriré chileno. / Ellos, los fascistas,morirán traidores, / Y serán recordados para siempre como traidores fascistas Orlando Letelier, 10 de septiembre 1976" | ||
| 650 | 4 | _aCHILE | |
| 650 | 4 | _aDERECHOS HUMANOS | |
| 650 | 4 | _aDICTADURA | |
| 650 | 4 | _aHISTORIA POLITICA | |
| 905 | _a36169 | ||
| 942 | _cAFICHE | ||
| 999 |
_c63874 _d63874 |
||